000 00619nam a2200205 u 4500
005 20240831063715.0
008 080611s2005 es r 000 0 spa d
020 _a8467504404
035 _aUPN01000156794
049 _aI
050 4 _aPZ74.9
_bP5.5
100 1 _aPlaza, José María,
_d1964-
_938851
245 1 3 _aEl monstruo, ¡plofff!, pequeñito /
_cJosé María Plaza ; il. Jesús Gabán.
260 _aMadrid :
_bSM,
_c2005.
300 _a61 p. :
_bprincipalmente il. col.
440 3 _aEl barco de vapor ;
_v109
650 4 _aCuentos infantiles españoles
_97725
905 _aInfantil
999 _c128908
_d128908